000 00486nam a22001697a 4500
005 20251108165913.0
008 250721s1980 xx 000 0 ara d
082 1 4 _aم/ط/581/نبا
245 1 0 _aالنبات ج1.ج2 /
264 1 _aجنيف :
_bشركة ترادكسيم،
_c1980.
300 _a- ج : مص
490 0 _aكتاب المعرفة : علوم
650 1 7 _aالنباتات
653 _aناشئون كبار (15-18)كبار
942 _2ddc
_cREF
999 _c34376
_d34376